ბათუმის შოთა რუსთაველის სახელმწიფო უნივერსიტეტის ბიბლიოთეკა

On Business and for Pleasure Again.A self study Workbook for Advanced Business English Studens. (ბიბ.ჩანაწერი № 46636)

000 -LEADER
fixed length control field 00593nam a2200205Ia 4500
001 - CONTROL NUMBER
control field 13476
003 - CONTROL NUMBER IDENTIFIER
control field GE_BSU
008 - FIXED-LENGTH DATA ELEMENTS--GENERAL INFORMATION
fixed length control field 181216s||||||||xx |||||||||||||| ||und||
020 ## - INTERNATIONAL STANDARD BOOK NUMBER
International Standard Book Number 9781846944635
040 ## - CATALOGING SOURCE
Transcribing agency GE_BSU
080 ## - UNIVERSAL DECIMAL CLASSIFICATION NUMBER
Universal Decimal Classification number 821.111(075.8)
100 ## - MAIN ENTRY--PERSONAL NAME
Personal name Berman,Michael
245 ## - TITLE STATEMENT
Title On Business and for Pleasure Again.A self study Workbook for Advanced Business English Studens.
260 ## - PUBLICATION, DISTRIBUTION, ETC.
Name of publisher, distributor, etc. Winchester
260 ## - PUBLICATION, DISTRIBUTION, ETC.
Date of publication, distribution, etc. 2011
300 ## - PHYSICAL DESCRIPTION
Extent 144p.22cm.
653 ## - INDEX TERM--UNCONTROLLED
Uncontrolled term A self study Workbook for Advanced Business Englis Studens
653 ## - INDEX TERM--UNCONTROLLED
Uncontrolled term On Business and for Pleasure Again.
942 ## - ADDED ENTRY ELEMENTS (KOHA)
Koha item type წიგნი
ეგზემპლარები
Withdrawn status Lost status Damaged status Not for loan Date acquired Barcode Date last seen Price effective from Koha item type
        2018-12-17 36970 2018-12-17 2018-12-17 წიგნი